000 00422nam a2200157Ia 4500
008 210716s2006 xx 000 0 und d
020 _a8178812193
041 _aeng
082 _a658.802 KAUA
100 _aKaushesh, Anshul.
245 _aPharmaceutical marketing: emerging trends.
_bEmerging trends.
250 _a1
260 _aHyderabad
_bICFAI University Press
_c2006
300 _aviii,198
650 _aMarketing
999 _c202404
_d202404